[Event "Mechanics' Summer TNM; G/2 d/5"]
[Site "San Francisco"]
[Date "2018.05.29"]
[Round "1.11"]
[White "Gray, William"]
[Black "Touset, Stephen"]
[Result "1/2-1/2"]
[WhiteElo "1989"]
[BlackElo "1587"]
[Annotator "Donaldson"]
[PlyCount "44"]
[EventDate "2018.??.??"]
[Source "ChessBase"]
[SourceDate "2007.09.04"]

1. e4 d6 2. d4 Nf6 3. Nc3 e5 4. Nf3 exd4 5. Nxd4 Be7 6. Be2 O-O 7. Be3 Re8 8.
Qd2 Bf8 9. Bg5 Nbd7 10. O-O-O c6 11. Kb1 Qc7 12. f3 g6 13. g4 b5 14. Bh6 b4 15.
Na4 Qa5 16. Bxf8 Nxf8 17. b3 Bd7 18. Nf5 (18. h4) 18... c5 19. Nb2 (19. Nxd6)
19... Rxe4 20. Qg5 (20. Nh6+) 20... Rxe2 21. Qxf6 Bxf5 22. gxf5 Rae8 1/2-1/2

[Event "Mechanics' Shipman TNM; G/2 d/5"]
[Site "San Francisco"]
[Date "2018.08.28"]
[Round "4.34"]
[White "Greene, Sam"]
[Black "Adams, Sophie"]
[Result "1-0"]
[WhiteElo "1552"]
[BlackElo "1379"]
[Annotator "Donaldson"]
[PlyCount "69"]
[EventDate "2018.??.??"]
[Source "ChessBase"]
[SourceDate "2007.09.04"]

1. d4 d5 2. c4 c6 3. Nf3 Nf6 4. Nc3 Bf5 $6 {Diagram [#]} 5. Bg5 (5. cxd5 cxd5 (
5... Nxd5 {Is better but White controls the center.}) 6. Qb3 Qb6 (6... b6 7.
Bg5 e6 8. e4 dxe4 9. Bb5+ Nbd7 10. Ne5 {Wins a piece.}) 7. Nxd5 Nxd5 (7... Qxb3
8. Nxf6+ exf6 9. axb3 Bc2 10. e3 Bxb3 11. Bb5+ {
With a clear advantage to White: better pawn structure and passed d-pawn.}) 8.
Qxd5 {Leaves White a pawn up.}) (5. Qb3 Qb6 {And black is OK.}) 5... e6 6. a3
Be7 7. e3 O-O 8. Be2 h6 9. Bh4 Nbd7 10. O-O Qb6 (10... Ne4 {
Exchanging pieces relieves the cramp.}) 11. b4 Rfe8 12. c5 Qc7 13. Bg3 Qd8 14.
b5 Nh5 15. bxc6 bxc6 16. Bd3 Nxg3 17. hxg3 Bg4 18. Qc2 Bxf3 19. gxf3 e5 20. Ne2
Bf6 21. Rab1 exd4 22. Nxd4 Bxd4 23. exd4 Rb8 24. Qa4 Rxb1 25. Rxb1 Qa8 26. Ba6
Rb8 27. Rxb8+ Nxb8 28. Bc8 a5 29. Qb3 Na6 (29... Kf8 30. Qb6) 30. Bb7 Qa7 31.
Bxc6 Nc7 32. Bxd5 Nxd5 33. Qxd5 Qb8 34. Qc4 h5 35. d5 1-0

[Event "Mechanics' Winter TNM; G/2 d5"]
[Site "San Francisco"]
[Date "2018.01.23"]
[Round "3.42"]
[White "Greene, Sam"]
[Black "Weingarten, Daniel"]
[Result "1-0"]
[WhiteElo "1565"]
[BlackElo "1628"]
[PlyCount "21"]
[EventDate "2018.??.??"]
[Source "ChessBase"]
[SourceDate "2007.09.04"]

1. e4 c5 2. Nf3 Nc6 3. d4 cxd4 4. Nxd4 d6 5. c4 Bd7 6. Nc3 Nf6 7. Be3 a6 8. Be2
g6 9. O-O Bg7 10. Rc1 Rc8 11. Qd2 1-0

[Event "Mechanics' Shipman TNM; G/2 d/5"]
[Site "San Francisco"]
[Date "2018.08.14"]
[Round "2.30"]
[White "Hack, Richard"]
[Black "Cole, Tony"]
[Result "1/2-1/2"]
[WhiteElo "1594"]
[BlackElo "1400"]
[PlyCount "93"]
[EventDate "2018.??.??"]
[Source "ChessBase"]
[SourceDate "2007.09.04"]

1. c4 e5 2. g3 d5 3. Bg2 Nf6 4. cxd5 Nxd5 5. Qb3 c6 6. Nf3 f6 7. a3 Na6 8. Nc3
Nc5 9. Qc2 g6 10. O-O Be7 11. Rd1 Be6 12. b4 Nd7 13. d4 O-O 14. Bh6 Rf7 15.
dxe5 fxe5 16. Ne4 Bf5 17. Rac1 Kh8 18. Nfd2 Bf8 19. Bxf8 Qxf8 20. Qb2 Bg4 21.
Nf3 Re8 22. h3 Bxf3 23. exf3 N7f6 24. Re1 Nxe4 25. Rxe4 Qg7 26. Rce1 Rfe7 27.
h4 h5 28. Bf1 g5 29. hxg5 Qxg5 {Diagram [#]} 30. Bc4 (30. f4 $1) 30... Nf6 31.
Rh4 Rg7 32. Qb3 $4 Qxh4 33. Qe3 Qg5 34. Kg2 h4 35. Rh1 Qxe3 36. Rxh4+ Rh7 37.
fxe3 Nd5 38. Re4 Rhe7 39. Bd3 Nc3 40. Rh4+ Kg7 41. Rh7+ Kf6 42. Rh6+ Kg5 $4 43.
Rg6+ Kh5 44. g4+ Kh4 45. Rh6+ Kg5 46. Rg6+ Kh4 47. Rh6+ 1/2-1/2

[Event "Mechanics' Summer TNM; G/2 d/5"]
[Site "San Francisco"]
[Date "2018.06.19"]
[Round "4.34"]
[White "Hack, Richard"]
[Black "Cole, Tony"]
[Result "1-0"]
[WhiteElo "1582"]
[BlackElo "1400"]
[PlyCount "85"]
[EventDate "2018.??.??"]
[Source "ChessBase"]
[SourceDate "2007.09.04"]

1. c4 Nc6 2. Nc3 Nf6 3. g3 e5 4. Bg2 Nd4 5. e3 Nf5 6. d4 exd4 7. exd4 c6 8. d5
Qa5 9. Nge2 Be7 10. O-O O-O 11. Qd3 Nd6 12. Rb1 Qc5 13. b3 a5 14. Be3 Qa3 15.
Bc1 Qb4 16. a3 Qb6 17. Na4 Qa6 18. Nc5 Qb6 19. Be3 Qd8 20. Nc3 b6 21. N5e4 cxd5
22. Nxf6+ Bxf6 23. Nxd5 Rb8 24. Nxf6+ Qxf6 25. Bf4 Bb7 26. Bxd6 Bxg2 27. Kxg2
Rb7 28. Bxf8 Kxf8 29. Rfe1 g6 30. Rbd1 Qc6+ 31. Kg1 b5 32. Qd4 f6 33. Qd6+ Qxd6
34. Rxd6 bxc4 35. bxc4 Rc7 36. Rxf6+ Kg7 37. Rf4 Rb7 38. Re7+ Kh6 39. Rff7 Rc7
40. h4 Kh5 41. Re5+ Kg4 42. Kg2 Rxc4 43. Rg5# 1-0

[Event "Mechanics' Winter TNM; G/2 d5"]
[Site "San Francisco"]
[Date "2018.02.27"]
[Round "8.35"]
[White "Hack, Richard"]
[Black "Cunningham, Charles"]
[Result "1-0"]
[WhiteElo "1609"]
[BlackElo "1406"]
[PlyCount "71"]
[EventDate "2018.??.??"]
[Source "ChessBase"]
[SourceDate "2007.09.04"]

1. c4 e5 2. Nc3 Bb4 3. Nd5 Bc5 4. b4 Bxf2+ 5. Kxf2 Qh4+ 6. g3 Qxc4 7. Nc3 Qxb4
8. e3 c6 9. Rb1 Qe7 10. Bh3 Nf6 11. Qb3 O-O 12. Ba3 d6 13. Bxc8 Rxc8 14. Kg2 b5
15. Nf3 h6 16. Rhf1 a5 17. Bb2 Nbd7 18. Qc2 Nb6 19. Rbe1 d5 20. d4 exd4 21.
exd4 Qd6 22. Bc1 Re8 23. Bf4 Qd8 24. Ne5 Qc8 25. Qf2 Ng4 26. Nxg4 Rxe1 27.
Nxh6+ gxh6 28. Rxe1 Qf8 29. Qe2 Nc4 30. Qh5 Kh7 31. Qf5+ Kg8 32. Qf6 Qg7 33.
Qxc6 Rd8 34. Nxd5 Qxd4 35. Ne7+ Kf8 36. Bxh6+ 1-0

[Event "Mechanics' Shipman TNM; G/2 d/5"]
[Site "San Francisco"]
[Date "2018.09.11"]
[Round "6.34"]
[White "Hack, Richard"]
[Black "Cunningham, Charles"]
[Result "1-0"]
[WhiteElo "1594"]
[BlackElo "1418"]
[PlyCount "97"]
[EventDate "2018.??.??"]
[Source "ChessBase"]
[SourceDate "2007.09.04"]

1. c4 e6 2. g3 Na6 3. Bg2 Nf6 4. Nc3 c6 5. d3 h6 6. Nf3 d5 7. cxd5 exd5 8. a3
Bd6 9. O-O O-O 10. Qc2 Bf5 11. b4 Nc7 12. Nd4 Bg6 13. Na4 Be5 14. Bb2 Ne6 15.
Nxe6 fxe6 16. Bxe5 Ng4 17. Bb2 a5 18. Bh3 Bf5 19. Bg2 axb4 20. axb4 Rf7 21. h3
Nf6 22. e4 Bg6 23. Nc5 Rxa1 24. Bxa1 Qe7 25. e5 Ne8 26. Qd2 b6 27. Nb3 Nc7 28.
f4 c5 29. bxc5 bxc5 30. Kh2 Bh7 31. Rc1 Na6 32. Bb2 Qa7 33. Bf1 Rb7 34. Qc3 Rc7
35. Qd2 Bg6 36. Ba3 Qb6 37. Qa2 Bxd3 38. Bxd3 c4 39. Bd6 Rc6 40. Na5 Rc8 41.
Bxc4 dxc4 42. Rb1 Qd4 43. Rc1 Ra8 44. Rxc4 Qd3 45. Rc2 Qg6 46. Qc4 Qe8 47. Nc6
Kh7 48. Qe4+ Kh8 49. Ne7 1-0

[Event "Mechanics' Summer TNM; G/2 d5"]
[Site "San Francisco"]
[Date "2018.07.10"]
[Round "7.18"]
[White "Hack, Richard"]
[Black "Drane, Robert Will"]
[Result "0-1"]
[WhiteElo "1582"]
[BlackElo "1800"]
[PlyCount "112"]
[EventDate "2018.??.??"]
[Source "ChessBase"]
[SourceDate "2007.09.04"]

1. c4 f5 2. Nc3 Nf6 3. d3 d6 4. g3 e5 5. Bg2 c6 6. Nf3 Be7 7. O-O O-O 8. Rb1
Qe8 9. b4 Qh5 10. Bg5 Nbd7 11. e4 h6 12. Bxf6 Nxf6 13. Nh4 Ng4 14. h3 Nf6 15.
Qxh5 Nxh5 16. Ng6 Rf7 17. Nxe7+ Rxe7 18. b5 f4 19. Kh2 Be6 20. bxc6 bxc6 21.
Rfd1 c5 22. Nd5 Rf7 23. g4 Nf6 24. Rb3 Bd7 25. Nc7 Rc8 26. Nb5 Ne8 27. Rdb1
Bxb5 28. Rxb5 Rfc7 29. a4 Kf7 30. a5 Ke7 31. Bf3 g5 32. Bd1 Ng7 33. Rb7 Ne6 34.
f3 Nd8 35. Rb8 Rxb8 36. Rxb8 Rb7 37. Rxb7+ Nxb7 38. a6 Nd8 39. Ba4 Ne6 40. Kg2
Kd8 41. Bc6 Kc7 42. Bd5 Nd8 43. Kf2 Kb6 44. Bb7 Nxb7 45. axb7 Kxb7 46. Ke2 Kb6
47. Kd2 Ka5 48. Kc2 Ka4 49. Kc3 Ka3 50. Kc2 Ka2 51. Kc3 Kb1 52. Kb3 Kc1 53. Kc3
Kd1 54. Kb3 Kd2 55. Kb2 Kxd3 56. Kb3 a5 0-1

[Event "Mechanics' Spring TNM; G/2 d5"]
[Site "San Francisco"]
[Date "2018.04.10"]
[Round "4.25"]
[White "Hack, Richard"]
[Black "Kuczek, Kevin W"]
[Result "0-1"]
[WhiteElo "1609"]
[BlackElo "1916"]
[PlyCount "42"]
[EventDate "2018.??.??"]
[Source "ChessBase"]
[SourceDate "2007.09.04"]

1. c4 e5 2. g3 Nc6 3. Nc3 f5 4. d3 Nf6 5. Bg2 Bb4 6. Bd2 O-O 7. a3 Bxc3 8. Bxc3
d6 9. Nf3 e4 10. Nd4 Bd7 11. e3 Ne5 12. Bf1 c5 13. f4 Nxd3+ 14. Bxd3 cxd4 15.
Bxd4 exd3 16. Qxd3 Bc6 17. Rg1 Be4 18. Qc3 Rf7 19. h3 d5 20. c5 b5 21. b4 Qd7
0-1

[Event "Mechanics' Winter TNM; G/2 d5"]
[Site "San Francisco"]
[Date "2018.02.13"]
[Round "6.32"]
[White "Hack, Richard"]
[Black "McEnroe, Glenn Aus"]
[Result "0-1"]
[WhiteElo "1706"]
[BlackElo "1500"]
[PlyCount "106"]
[EventDate "2018.??.??"]
[Source "ChessBase"]
[SourceDate "2007.09.04"]

1. c4 e5 2. Nc3 Nf6 3. g3 d5 4. cxd5 Nxd5 5. Bg2 Be6 6. d3 Nc6 7. Nf3 Nb6 8.
Ng5 Qd7 9. Nxe6 Qxe6 10. O-O Be7 11. Be3 O-O 12. f4 exf4 13. Bxf4 Bc5+ 14. Kh1
Bd6 15. Rc1 a6 16. Qd2 Rad8 17. Ne4 Rfe8 18. b3 Bxf4 19. Rxf4 Nd5 20. Rh4 h6
21. Rf1 f5 22. Bh3 Rf8 23. Rh5 Nde7 24. Nc3 Qg6 25. Rh4 Rd4 26. Rxd4 Nxd4 27.
Qf4 Qc6+ 28. e4 Qxc3 29. Qe5 Ng6 30. Qd5+ Kh8 31. exf5 Qxd3 32. Rf2 Ne7 33. Qc5
Qe3 34. Rf1 b6 35. Qxc7 Ndxf5 36. Bg2 Rc8 37. Qb7 Rc1 38. Qxa6 Rxf1+ 39. Qxf1
Qxg3 40. Qd1 Qf2 41. a4 Ne3 42. Qg1 Qxg1+ 43. Kxg1 Nxg2 44. Kxg2 Nd5 45. Kf3 g5
46. Ke4 Nb4 47. Kf5 Kg7 48. h3 Kf7 49. h4 gxh4 50. Kg4 h3 51. Kxh3 Kg6 52. Kh4
Kf5 53. Kh5 Ke4 0-1

[Event "Mechanics' Spring TNM; G/2 d5"]
[Site "San Francisco"]
[Date "2018.05.08"]
[Round "8.24"]
[White "Hack, Richard"]
[Black "Newey, Richard"]
[Result "0-1"]
[WhiteElo "1609"]
[BlackElo "1729"]
[PlyCount "42"]
[EventDate "2018.??.??"]
[Source "ChessBase"]
[SourceDate "2007.09.04"]

1. c4 Nf6 2. g3 c6 3. Bg2 d5 4. cxd5 cxd5 5. d4 Bd7 (5... Nc6 6. Nc3 Bf5 7. Nf3
e6 8. O-O Be7 9. Bf4 h6) 6. Nc3 Bc6 7. Nf3 Nbd7 8. O-O e6 9. Bf4 Nh5 (9... Be7)
10. Qd2 (10. Bg5) 10... Nxf4 11. Qxf4 Be7 12. Ne5 Nxe5 13. dxe5 O-O 14. Rfd1
Bg5 (14... Qb6) 15. Qd4 Qd7 $2 (15... Qc7) 16. e4 $1 Qc7 17. f4 Be7 18. exd5
Bxd5 19. Nxd5 exd5 20. Bxd5 $4 {touch move} (20. Qxd5) 20... Bc5 21. Bxf7+ Rxf7
0-1

[Event "Mechanics' Winter TNM; G/2 d5"]
[Site "San Francisco"]
[Date "2018.01.16"]
[Round "2.32"]
[White "Hack, Richard"]
[Black "Subedar, Vishal"]
[Result "1-0"]
[WhiteElo "1609"]
[BlackElo "1367"]
[PlyCount "53"]
[EventDate "2018.??.??"]
[Source "ChessBase"]
[SourceDate "2007.09.04"]

1. c4 Nf6 2. Nc3 e6 3. g3 c5 4. Bg2 Nc6 5. e4 Be7 6. Nge2 Ne5 7. d3 Nfg4 8. h3
Nf6 9. O-O Rg8 10. f4 Nc6 11. Be3 d6 12. g4 Qc7 13. Ng3 Bd7 14. g5 Nxe4 15.
Ngxe4 a6 16. d4 f5 17. gxf6 gxf6 18. Qh5+ Kd8 19. dxc5 Qa5 20. Qxh7 Rxg2+ 21.
Kxg2 Kc7 22. cxd6+ Bxd6 23. Nxd6 Kxd6 24. Rad1+ Kc7 25. Rxd7+ Kc8 26. Rxb7 Nd8
27. Qd7# 1-0

[Event "Mechanics' Shipman TNM; G/2 d/5"]
[Site "San Francisco"]
[Date "2018.09.04"]
[Round "5.16"]
[White "Hack, Richard"]
[Black "Wonsever, James"]
[Result "0-1"]
[WhiteElo "1594"]
[BlackElo "1933"]
[PlyCount "60"]
[EventDate "2018.??.??"]
[Source "ChessBase"]
[SourceDate "2007.09.04"]

1. c4 e5 2. Nc3 Nf6 3. g3 c6 4. d4 exd4 5. Qxd4 d6 6. Bg2 Be7 7. e4 O-O 8. Nge2
Be6 9. O-O Qd7 10. Nf4 Na6 11. b3 Nc7 12. Bb2 Rfd8 13. Rad1 Bg4 14. f3 Ne6 15.
Nxe6 Bxe6 16. Rfe1 Qc7 17. Qd2 a6 18. Qe2 b5 19. h3 bxc4 20. bxc4 Rab8 21. Na4
$2 Qa5 22. Qc2 Rb4 23. Bc3 Qxa4 24. Qd2 Rbb8 25. Ba5 Rdc8 26. Bc7 Rxc7 27. e5
Ne8 28. exd6 Bxd6 29. f4 Bb4 30. Qb2 Bc5+ 0-1

[Event "Mechanics' Shipman TNM; G/2 d/5"]
[Site "San Francisco"]
[Date "2018.08.14"]
[Round "2.21"]
[White "Hakobyan, Sos"]
[Black "Carron, Joel"]
[Result "1-0"]
[WhiteElo "1817"]
[BlackElo "1449"]
[PlyCount "117"]
[EventDate "2018.??.??"]
[Source "ChessBase"]
[SourceDate "2007.09.04"]

1. Nf3 Nf6 2. d4 d5 3. Bf4 Nc6 4. e3 e6 5. a3 Be7 6. Nc3 O-O 7. Bb5 a6 8. Bxc6
bxc6 9. b4 a5 10. Ne5 Qe8 11. Nd3 axb4 12. axb4 Rxa1 13. Qxa1 Bd6 14. Bg3 Bd7
15. O-O Qe7 16. Rb1 Ng4 17. Bxd6 Qxd6 18. g3 e5 19. Nxe5 Nxe5 20. dxe5 Qxe5 21.
Ne2 Qh5 22. Nf4 Qf3 23. Qa6 Bf5 24. Qe2 Qxe2 25. Nxe2 Bxc2 26. Rc1 Ba4 27. Nd4
Rb8 28. Nxc6 Bxc6 29. Rxc6 Rb7 30. b5 g6 31. Rc5 Kg7 32. Rxd5 Kf6 33. Kg2 Ke6
34. e4 Rb6 35. g4 c6 36. bxc6 Rxc6 37. Rd8 Ke5 38. Rd7 Ke6 39. Ra7 Rc5 40. Kg3
h5 41. gxh5 Rxh5 42. f4 Rc5 43. Ra6+ Ke7 44. h4 Rc1 45. f5 Rg1+ 46. Kf4 Rf1+
47. Ke5 gxf5 48. Ra7+ Kf8 49. exf5 Rh1 50. Kf6 Kg8 51. Ra8+ Kh7 52. Kxf7 Rxh4
53. Ra1 Kh6 54. Rg1 Rf4 55. f6 Rc4 56. Rh1+ Kg5 57. Kg7 Rg4 58. f7 Kf5+ 59. Kh8
1-0

[Event "Mechanics' Bedjanian TNM; G/2 d/5"]
[Site "San Francisco"]
[Date "2018.10.23"]
[Round "1.23"]
[White "Hakobyan, Sos"]
[Black "Cheng, Andrew"]
[Result "1-0"]
[WhiteElo "1855"]
[BlackElo "1366"]
[PlyCount "59"]
[EventDate "2018.??.??"]
[Source "ChessBase"]
[SourceDate "2007.09.04"]

1. e4 e5 2. Nf3 Nc6 3. Bc4 h6 4. d4 exd4 5. Nxd4 Nxd4 6. Qxd4 d6 7. Nc3 Nf6 8.
Bf4 c5 9. Qd3 Be7 10. Bb5+ Bd7 11. Bxd6 O-O 12. Bxe7 Qxe7 13. Bxd7 Qxd7 14.
Qxd7 Nxd7 15. O-O-O Rad8 16. Rd5 Rfe8 17. Rhd1 Re7 18. Rxc5 Rde8 19. Rc7 Nf6
20. Rxe7 Rxe7 21. f3 a6 22. Nd5 Nxd5 23. Rxd5 f6 24. Kd2 Kf7 25. Kd3 Rc7 26. c4
Ke6 27. h4 b6 28. b4 g6 29. g4 Rc6 30. f4 1-0

[Event "Mechanics' Bedjanian TNM; G/2 d/5"]
[Site "San Francisco"]
[Date "2018.11.27"]
[Round "6.16"]
[White "Hakobyan, Sos"]
[Black "Kim, Andy"]
[Result "1-0"]
[WhiteElo "1855"]
[BlackElo "1532"]
[PlyCount "61"]
[EventDate "2018.??.??"]
[Source "ChessBase"]
[SourceDate "2007.09.04"]

1. e4 c6 2. d4 d5 3. exd5 cxd5 4. c4 Nf6 5. Nc3 e6 6. c5 b6 7. b4 a5 8. Qa4+
Bd7 9. Bb5 Qc7 10. Nge2 Nc6 11. Bf4 Qb7 12. Bxc6 Qxc6 13. b5 Qc8 14. c6 Bb4 15.
O-O O-O 16. cxd7 Qxd7 17. Rac1 Rac8 18. a3 Be7 19. h3 Rc4 20. Qb3 Rfc8 21. Na4
Qb7 22. Nb2 Rxc1 23. Rxc1 Nh5 24. Bh2 Nf6 25. Rxc8+ Qxc8 26. Qc3 Qf8 27. a4 Ba3
28. Nd3 h6 29. Qc7 Kh7 30. Qxb6 Bb2 31. Qc5 1-0

[Event "Mechanics' Shipman TNM; G/2 d/5"]
[Site "San Francisco"]
[Date "2018.09.11"]
[Round "6.18"]
[White "Hakobyan, Sos"]
[Black "Latourette, Nicholas"]
[Result "1-0"]
[WhiteElo "1817"]
[BlackElo "1094"]
[PlyCount "73"]
[EventDate "2018.??.??"]
[Source "ChessBase"]
[SourceDate "2007.09.04"]

1. e4 e5 2. Nf3 Nc6 3. Bc4 Bc5 4. c3 d6 5. b4 Bb6 6. a4 a6 7. a5 Ba7 8. Qb3 Qe7
9. d3 h6 10. Be3 Be6 11. Bxe6 fxe6 12. Bxa7 Rxa7 13. b5 axb5 14. Qxb5 Qd7 15.
Nh4 Nge7 16. O-O O-O 17. Nd2 Rfa8 18. Nb3 Qe8 19. d4 Qh5 20. Nf3 Qg4 21. d5
exd5 22. exd5 e4 23. h3 Qh5 24. c4 exf3 25. dxc6 Qxb5 26. cxb5 fxg2 27. Rfe1
Kf7 28. Kxg2 bxc6 29. b6 cxb6 30. axb6 Rxa1 31. Rxa1 Rb8 32. Ra6 Ke6 33. Na5
Kd7 34. Ra7+ Kd8 35. Rxe7 c5 36. Nc6+ Kc8 37. Rc7# 1-0

[Event "Mechanics' Shipman TNM; G/2 d/5"]
[Site "San Francisco"]
[Date "2018.08.28"]
[Round "4.18"]
[White "Hakobyan, Sos"]
[Black "Simpkins, Jerry"]
[Result "1-0"]
[WhiteElo "1817"]
[BlackElo "1565"]
[PlyCount "38"]
[EventDate "2018.??.??"]
[Source "ChessBase"]
[SourceDate "2007.09.04"]

1. e4 e5 2. Nf3 f5 {
[You can tell that The Great One is Latvian by the spelling of his last name.]}
3. Nxe5 Qe7 4. Qh5+ g6 5. Nxg6 Qxe4+ 6. Be2 Nf6 7. Qh3 Rg8 8. Nc3 Qd4 9. Nxf8
Rxf8 10. d3 Nc6 11. O-O d6 12. Re1 f4 13. Qh6 Ne5 14. Nb5 Qb6 15. d4 Ng6 16.
Qg7 Bd7 17. Bh5+ Kd8 18. Bxg6 Bxb5 19. Qxf8+ Kd7 1-0

[Event "Mechanics' Bedjanian TNM; G/2 d/5"]
[Site "San Francisco"]
[Date "2018.12.11"]
[Round "8.16"]
[White "Hakobyan, Sos"]
[Black "Tuck, Drew"]
[Result "1-0"]
[WhiteElo "1855"]
[BlackElo "1484"]
[Annotator "Winslow,Elliott"]
[PlyCount "107"]
[EventDate "2018.??.??"]
[Source "ChessBase"]
[SourceDate "2007.09.04"]

1. e4 e6 2. d3 d5 3. Nd2 Nf6 4. Ngf3 Be7 5. g3 O-O 6. Bg2 c5 7. O-O Nc6 8. Re1
Qc7 9. e5 Nd7 10. Qe2 b5 11. c3 a5 12. Nf1 Ba6 13. b3 a4 14. Bf4 Qa5 15. Bd2
Qc7 16. h4 Na5 17. b4 Nc6 18. a3 Rac8 19. Bf4 Nb6 20. Ne3 Bb7 21. Ng5 h6 $2 {
[#]} (21... cxb4 22. cxb4 Bxg5 $5) 22. Qh5 $1 {
(Va banque! Or, perhaps a la Alpha Zero!?)} hxg5 23. hxg5 g6 $2 {
(But it's hard, maybe impossible to organize a successful defense.)} 24. Qh6 (
24. Qh4 $1) 24... Rfd8 25. Ng4 Nd7 26. Nf6+ Nxf6 27. exf6 Bf8 28. Bxc7 Bxh6 29.
Bxd8 Bxg5 30. Be7 $6 (30. f4 $1 Bxf4 31. gxf4 Nxd8 32. bxc5 Rxc5 33. Rac1 $18)
30... Nxe7 31. fxe7 Bxe7 $16 32. c4 $2 (32. d4 cxd4 33. cxd4 Bg5 34. Bf1 Ba6
35. Bd3 {but it's not going to be easy.}) 32... bxc4 33. dxc4 Bf6 34. Rab1 cxb4
35. Rxb4 Bc3 36. Rxb7 Bxe1 37. cxd5 exd5 38. Bxd5 Rc3 (38... Rf8) 39. Rxf7 (39.
Kf1 Bd2 40. Bxf7+) 39... Kh8 40. Be4 Rxa3 41. Bxg6 Ra1 42. Kg2 a3 43. Ra7 Bc3
44. f4 Bd4 45. Ra4 a2 46. Kh2 Bb2 $2 (46... Kg7 47. Bc2 Bf2 $11) (46... Bf2 $11
{threatening ...Bxg3+}) 47. Bf7 Bd4 $6 48. Rxa2 (48. Bxa2 $1) 48... Rg1 $6 (
48... Rxa2+) 49. Rg2 Rf1 50. Kh3 Kg7 51. Bc4 Rf3 52. Kg4 Rc3 53. Be6 Bf6 54.
Ra2 1-0

[Event "Mechanics' Walter Shipman TNM G/2 d/5"]
[Site "San Francisco"]
[Date "2018.10.02"]
[Round "9.10"]
[White "Hakobyan, Sos"]
[Black "Xu, Jayden"]
[Result "1-0"]
[WhiteElo "1817"]
[BlackElo "1694"]
[PlyCount "55"]
[EventDate "2018.??.??"]
[Source "ChessBase"]
[SourceDate "2007.09.04"]

1. Nf3 e6 2. c4 Nf6 3. d4 b6 4. g3 Bb7 5. Bg2 Be7 6. O-O O-O 7. Nc3 c5 8. d5
Re8 9. e4 Ba6 10. b3 exd5 11. exd5 d6 12. Qc2 Bf8 13. Bb2 Nbd7 14. Rfe1 Qc7 15.
Bh3 g6 16. Ne4 Bg7 17. Nfg5 Ne5 18. f4 Nxe4 19. Qxe4 f5 20. Qc2 Bh6 21. Bg2
Bxg5 22. fxe5 Bb7 23. e6 a6 24. Qc3 Kf8 25. h4 Bxh4 26. gxh4 h5 27. Qh8+ Ke7
28. Qf6# 1-0

[Event "Mechanics' Spring TNM; G/2 d5"]
[Site "San Francisco"]
[Date "2018.04.10"]
[Round "4.30"]
[White "Harris, Clarence"]
[Black "Ash, Richard D"]
[Result "1/2-1/2"]
[WhiteElo "1400"]
[BlackElo "1733"]
[PlyCount "46"]
[EventDate "2018.??.??"]
[Source "ChessBase"]
[SourceDate "2007.09.04"]

1. e4 e5 2. Nf3 Nc6 3. Bb5 Nf6 4. O-O Nxe4 5. Re1 Nd6 6. Bxc6 dxc6 7. Nxe5 Be7
8. d3 O-O 9. Nc3 Bf5 10. Qe2 Bf6 11. Bf4 Re8 12. Qf3 Bxe5 13. Bxe5 Qd7 14. Qg3
Bg6 15. h4 h5 16. Ne4 Nxe4 17. dxe4 Qg4 18. f3 Qxg3 19. Bxg3 Re7 20. Rad1 f6
21. Rd2 Kf7 22. Red1 Ke8 23. Rd4 Bf7 1/2-1/2

[Event "Mechanics' Winter TNM; G/2 d5"]
[Site "San Francisco"]
[Date "2018.01.16"]
[Round "2.45"]
[White "Harris, Clarence"]
[Black "Ashton, Mark"]
[Result "1-0"]
[WhiteElo "1407"]
[BlackElo "919"]
[PlyCount "73"]
[EventDate "2018.??.??"]
[Source "ChessBase"]
[SourceDate "2007.09.04"]

1. e4 c5 2. Nc3 e6 3. g3 Nc6 4. Bg2 Nf6 5. Nf3 a6 6. O-O Bd6 7. d3 h6 8. Re1 e5
9. Bd2 O-O 10. Qe2 Nd4 11. Nxd4 cxd4 12. Nd1 Re8 13. f3 Bc7 14. a3 d5 15. Nf2
b5 16. b4 Be6 17. Rf1 Bd6 18. Ng4 Rc8 19. Rac1 h5 20. Nxf6+ Qxf6 21. h4 Qg6 22.
Kh2 f5 23. f4 fxe4 24. dxe4 Bg4 25. Qd3 exf4 26. Bxf4 dxe4 27. Qxd4 Rc4 28. Qe3
Be5 29. Bxe5 Rxe5 30. Rf4 Qe6 31. c3 Bf5 32. Bf1 g6 33. Bxc4 Qxc4 34. Rd1 Qa2+
35. Rf2 Qxa3 36. Rd8+ Kg7 37. Qa7+ 1-0

[Event "Mechanics' Winter TNM; G/2 d5"]
[Site "San Francisco"]
[Date "2018.01.30"]
[Round "4.47"]
[White "Harris, Clarence"]
[Black "Bayaraa, Timothy"]
[Result "1-0"]
[WhiteElo "1407"]
[BlackElo "973"]
[PlyCount "91"]
[EventDate "2018.??.??"]
[Source "ChessBase"]
[SourceDate "2007.09.04"]

1. e4 e5 2. Nf3 Nc6 3. Bb5 a6 4. Bxc6 dxc6 5. O-O Bg4 6. h3 Bh5 7. g4 Bg6 8.
Nxe5 Qd6 9. d4 f6 10. Nxg6 hxg6 11. e5 fxe5 12. Re1 O-O-O 13. Bg5 Be7 14. Bxe7
Nxe7 15. c3 exd4 16. Qxd4 Nd5 17. Re4 c5 18. Qe5 Qb6 19. Qe6+ Rd7 20. Qxb6 Nxb6
21. Na3 Rxh3 22. Kg2 Rhd3 23. Rae1 Rd2 24. R1e2 R2d5 25. Re8+ Rd8 26. b3 Nd7
27. Rxd8+ Kxd8 28. Nc4 b5 29. Na5 Rg5 30. Nc6+ Kc8 31. Re8+ Kb7 32. Nd8+ Kb6
33. Re6+ Ka7 34. Nc6+ Kb7 35. Kg3 Nb8 $2 (35... Rd5) 36. f4 Rd5 37. c4 bxc4 38.
Na5+ Ka7 39. Nxc4 g5 40. fxg5 Rxg5 41. Ne5 Kb7 42. Kf4 Rxe5 43. Rxe5 Nd7 44.
Rg5 Nf8 45. Kf5 Nd7 46. Rxg7 1-0

[Event "Mechanics' Spring TNM; G/2 d5"]
[Site "San Francisco"]
[Date "2018.04.24"]
[Round "6.33"]
[White "Harris, Clarence"]
[Black "Chan, John"]
[Result "0-1"]
[WhiteElo "1400"]
[BlackElo "1663"]
[PlyCount "66"]
[EventDate "2018.??.??"]
[Source "ChessBase"]
[SourceDate "2007.09.04"]

1. e4 e6 2. d3 Nc6 3. g3 h6 4. Bg2 Nf6 5. Nf3 e5 6. Nc3 d6 7. O-O g5 8. Bd2 Bg4
9. h3 Be6 10. g4 Qd7 11. Qe2 Be7 12. a3 Nh7 13. Nd5 h5 14. Nxe7 Qxe7 15. Nh2
Nd4 16. Qd1 hxg4 17. hxg4 f6 18. Re1 Nf8 19. Re3 Ng6 20. Rh3 Kf7 21. Nf3 Bxg4
22. Rxh8 Rxh8 23. c3 Bxf3 24. Bxf3 Nxf3+ 25. Qxf3 Qe6 26. Qf5 Qxf5 27. exf5 Ne7
28. Be3 a6 29. Kg2 Nxf5 30. Bd2 Ke6 31. Re1 Kd7 32. d4 exd4 33. cxd4 d5 0-1

[Event "Mechanics' Summer TNM; G/2 d/5"]
[Site "San Francisco"]
[Date "2018.05.29"]
[Round "1.19"]
[White "Harris, Clarence"]
[Black "Chen, Mingson"]
[Result "0-1"]
[WhiteElo "1409"]
[BlackElo "1903"]
[PlyCount "83"]
[EventDate "2018.??.??"]
[Source "ChessBase"]
[SourceDate "2007.09.04"]

1. e4 e5 2. Nf3 Nc6 3. Bb5 a6 4. Bxc6 dxc6 5. O-O Be7 6. d4 exd4 7. Nxd4 Nf6 8.
Nf5 Bxf5 9. exf5 O-O 10. Qxd8 Rfxd8 11. Nc3 Rd7 12. Bg5 h6 13. Bf4 Nd5 14. Nxd5
cxd5 15. Rad1 Bf6 16. b3 c6 17. Rd3 Re8 18. Re3 Rxe3 19. fxe3 Re7 20. Re1 Re4
21. Kf2 Kf8 22. Kf3 Be5 23. Bxe5 Rxe5 24. g4 Ke7 25. e4 Kd6 26. Kf4 g5+ 27.
fxg6 fxg6 28. h4 g5+ 29. hxg5 hxg5+ 30. Kf3 a5 31. c3 b5 32. b4 axb4 33. cxb4
Re7 34. e5+ Rxe5 35. Rxe5 Kxe5 36. Ke3 d4+ 37. Kd3 Kd5 38. Kd2 Ke4 39. Ke2 d3+
40. Kd2 Kd4 41. Kd1 Kc3 42. Kc1 0-1